Toàn tập Vũ Trọng Phụng: Cạm bẫy người; Kỹ nghệ lấy Tây; Cơm thày cơm cô; lục xì; Một huyện ăn tết
Сохранить в:
| Главный автор: | |
|---|---|
| Формат: | |
| Язык: | Undetermined |
| Опубликовано: |
Hà Nội
Hội Nhà Văn
1999
|
| Предметы: | |
| Метки: |
Добавить метку
Нет меток, Требуется 1-ая метка записи!
|
| Thư viện lưu trữ: | Trung tâm Học liệu Trường Đại học Cần Thơ |
|---|
| LEADER | 00658nam a2200169Ia 4500 | ||
|---|---|---|---|
| 001 | CTU_35915 | ||
| 008 | 210402s9999 xx 000 0 und d | ||
| 082 | |a 895.9223008 | ||
| 082 | |b Ph513c | ||
| 100 | |a Vũ Trọng Phụng | ||
| 245 | 0 | |a Toàn tập Vũ Trọng Phụng: Cạm bẫy người; Kỹ nghệ lấy Tây; Cơm thày cơm cô; lục xì; Một huyện ăn tết | |
| 245 | 0 | |c Vũ Trọng Phụng | |
| 260 | |a Hà Nội | ||
| 260 | |b Hội Nhà Văn | ||
| 260 | |c 1999 | ||
| 650 | |a vietnamese fiction - collections,vietnamese literature - 20th century | ||
| 980 | |a Trung tâm Học liệu Trường Đại học Cần Thơ | ||